000 00407nam a2200145Ia 4500
008 240729s9999 xx 000 0 und d
022 _a2364-091X
245 0 _aJournal of large-scale research facilities JLSRF
260 _aGermany
260 _bForschungszentrum Jülich
650 _aTechnology
856 _uhttps://doaj.org/toc/74b91b4128254355b67d0d5475e6bd6c
942 _2ddc
942 _cDOAJEJ
999 _c66827
_d66827
945 _a1
_bMadushi Gamage
_c1
_dMadushi Gamage